000 00529nam a22001937a 4500
003 OSt
008 260422b |||||||| |||| 00| 0 eng d
082 _a635.25
_bD27E
100 _aDayal, Vishwajeet.
245 _aEffect of Dates of Transplanting on Different Varieties of Onion (Allium cepa L.)
260 _aSabour, Bhagalpur
_bBihar Agricultural College, RAU
_c1995
300 _a61p.
502 _bM. Sc.
_d1995
650 _aHorticulture
650 _aOnion
650 _aThesis
650 _aM. Sc.
942 _2ddc
_cT
999 _c50103
_d50103